Hirnschimmelquiz - Statistiken

Allgemein
  • Dieses Quiz wurde 8 mal gespielt
  • Das Durchschnittsergebnis liegt bei 11 aus 15
Antwortstatistiken
Hint Antwort % Korrekt
"Oh, we are so sorry about your brother who passed away, he gets...." 5 Big Booms
100%
Welcher lila Shake ist sehr bekannt? Grimace Shake
100%
Was ist massiv? Low Taper Fade
100%
Wo passieren die verrücktesten Dinge? Ohio
100%
Der beste Podcast? Talk Tuah
100%
was ist das beste Lied von KSI? thick of it
100%
In welchem Land gibt man dir ein Grundstück wenn man es kauft? Ägypten
67%
Welcher Wutausbruch ist der mit Abstand hefitgste? balkan rage
67%
Was essen die Costco Boys am liebsten? Double Chunk Chocolate Cookie
67%
(SEHR SCHWER) Wer hatte das Date mit dem Burger Pommes Mädchen? Emir Mono
67%
Wer ist im ewigen Krieg mit den Kameras? Skibidi Toilet
67%
was bedeutet (ts) this shit
67%
Battle Bus... Tutu
67%
Wessen Nod ist so fricking tuff? Chopped Chin
33%
bei welcher party muss jeder mal gewesen sein? rizz party
33%
Keine übereinstimmenden Quizze gefunden
Verteilung der Resultate
Anzahl Personen mit jedem Resultat
Perzentil nach korrekt beantworteten Fragen
Ihre Resultats-Entwicklung
Sie haben dieses Quiz noch nicht gespielt